000 00522nam a22001817a 4500
003 OSt
005 20260105111202.0
008 251113b |||||||| |||| 00| 0 eng d
020 _a9788119482498
082 _a030
_b ASTU
100 _aAsthana, N.C.
245 _aUltimate Encyclopaedia of Indian Knowledge Systems : Vol-2 :Chemistry, Metellurgy, Architecture, Health Science and Arts
260 _aJaipur
_bAavishkar Publishers
300 _a206p.
546 _aEnglish
651 _aEncyclopedia
942 _2ddc
_cBK
999 _c3889
_d3889